|
|
|
|
| LEADER |
00000nam0a2200000 4500 |
| 001 |
362651 |
| 005 |
20231102011518.0 |
| 035 |
|
|
|a (RuTPU)RU\TPU\retro\19997
|
| 035 |
|
|
|a RU\TPU\retro\19996
|
| 090 |
|
|
|a 362651
|
| 100 |
|
|
|a 20210813d1973 k y0rusy50 ca
|
| 101 |
0 |
|
|a rus
|
| 102 |
|
|
|a RU
|
| 105 |
|
|
|a a z 001zy
|
| 200 |
1 |
|
|a Физические исследования в сильных магнитных полях
|f Академия наук СССР, Физический институт им. П. Н. Лебедева ; отв. ред. Д. В. Скобельцын
|
| 210 |
|
|
|a Москва
|c Наука
|d 1973
|
| 215 |
|
|
|a 142 с.
|c ил.
|
| 225 |
1 |
|
|a Труды физического института им. П. Н. Лебедева (ФИАН)
|v Т. 67
|
| 320 |
|
|
|a Библиография в конце статей
|
| 606 |
1 |
|
|a Магнитное поле, сильное
|x Физика
|2 stltpush
|3 (RuTPU)RU\TPU\subj\40799
|9 60630
|
| 610 |
1 |
|
|a исследование
|
| 610 |
1 |
|
|a импульсные поля
|
| 610 |
1 |
|
|a полупроводники
|
| 610 |
1 |
|
|a зонная структура
|
| 610 |
1 |
|
|a магнитоупорядоченные кристаллы
|
| 610 |
1 |
|
|a носители
|
| 610 |
1 |
|
|a поверхности Ферми
|
| 610 |
1 |
|
|a уровни Ландау
|
| 610 |
1 |
|
|a инверсионная асимметрия
|
| 610 |
1 |
|
|a СВЧ-колебания
|
| 610 |
1 |
|
|a антиферромагнитный резонанс
|
| 610 |
1 |
|
|a магнитострикция
|
| 610 |
1 |
|
|a экситоны
|
| 610 |
1 |
|
|a трансформаторы
|
| 675 |
|
|
|a 537.63
|v 3
|
| 702 |
|
1 |
|a Скобельцын
|b Д. В.
|c российский физик
|f 1892-1990
|g Дмитрий Владимирович
|2 stltpush
|3 (RuTPU)RU\TPU\pers\15052
|4 340
|9 5154
|
| 712 |
0 |
2 |
|a Академия наук СССР
|b Физический институт им. П. Н. Лебедева
|c (Москва)
|2 stltpush
|3 (RuTPU)RU\TPU\col\13766
|9 25779
|
| 801 |
|
1 |
|a RU
|b 63413507
|c 20130327
|
| 801 |
|
2 |
|a RU
|b 63413507
|c 20210813
|g RCR
|
| 942 |
|
|
|c BK
|